000 01236naa a22003377a 4500
001 BR8803038
003 BR-BrBNA
005 20240918180112.0
007 ta
008 230509b bl.||||| |||| 00| 0 por d
040 _aBR-BrBNA
_bpor
_cBiblioteca Nacional de Agricultura
041 _a(Pt)
072 _aQ04
_b0175
_b9290
_b9230
090 _aQ04 BR8803038
100 1 _aPape, G.
100 1 _aMazzari, M.R.
100 1 _aChaves, J.B.P.
100 1 _aCampos, J.E.
111 1 _a4. Congresso Brasileiro de Ciencia e Tecnologia de Alimentos
_cRio de Janeiro , RJ (Brazil)
_d5-8 Oct 1980
245 1 _aEstudo comparativo das qualidades tecnologicas de dezoito cultivares de triticale
260 3 _aRio de Janeiro, RJ (Brasil):
_c1980.
500 _aAnais do 4. Congresso Brasileiro de Ciencia e Tecnologia de Alimentos Rio de Janeiro, RJ (Brasil): 1980. p. 211-225 (BR8803038-AM)Q04
650 _aTRITICALE
650 _aFARINHA
650 _aPAO
650 _aPROTEINA
650 _aCOMPOSICAO QUIMICA
773 0 _tAnais do 4. Congresso Brasileiro de Ciencia e Tecnologia de Alimentos
_wQ04 BR8803038
_gRio de Janeiro, RJ (Brasil), 1980. p. 211-225
909 _a202404
_bLucia
_c55
_dLucia Elande
942 _cAM
_2AGRIS
999 _c319228
_d319228